Cvičení při vadném držení těla

Bibliographic Details
Main Author: Haladová, Eva, 1930- (Author)
Format: Book
Language:Undetermined
PhysicalDescription:7 l.
Published: Praha Ústav zdrvotní výchovy 1982

MARC

LEADER 00000nam a2200000 a 4500
001 vtls001263709
003 SK-MaSNL
005 20260301234535.0
008 240315s1955 xx 0 und
035 |a SNK000214617 
040 |a SNK  |b slo  |c SNK  |e AACR2 
100 1 |a Haladová, Eva,  |d 1930-  |4 aut  |9 109305 
245 1 |a Cvičení při vadném držení těla  |c Eva Haladová 
260 |a Praha  |b Ústav zdrvotní výchovy  |e České Budějovice  |f Jihočeské tiskárny, n. p.,  |c 1982 
300 |a 7 l. 
999 |c 970495  |d 972425 
952 |a SNK  |b SNK  |y VYP  |7 0  |p 17A0748900  |o snkOIC 2824  |i snkKIP 9160/80  |0 0  |1 0  |4 0  |d 2011-11-21  |l 0  |r 2026-02-24 10:49:26  |w 2026-02-24